000 00466nam a2200157 a 4500
001 000037027
005 20200930080107.0
008 120209s1960 ve 000 0 spa d
040 _aDO-SdBNP
_bspa
_cBNPHU
082 _axxxx
_bB641
100 1 _aBlanco, Andres Eloy
_939365
245 1 0 _aVargas, albacea de la angustia. /
_cAndres Eloy Blanco.
260 _aVenezuela :
_bEditorial Cordillera,
_c1960.
300 _a219 p. ;
_c18 cm.
500 _aPrimera edición 1947
999 _c36517
_d36517